| 000 | 00367cam a2200145ua 4500 | ||
|---|---|---|---|
| 041 |
_amal _h |
||
| 082 |
_a894.8122 _bANT/AK |
||
| 100 | _aAntony, K.C . | ||
| 245 |
_aAkannumaratha chakravalangal / _cAntony.K.c. _hTextual Documents |
||
| 260 |
_aChampakulam : _bB.K.M Book Depot , _c1959. |
||
| 300 | _a125 ; . | ||
| 504 | _a | ||
| 942 | _cBK | ||
| 999 |
_c12360 _d12360 |
||